Namık Kemal'in Eserleri - Statistics

General Stats
  • This quiz has been taken 11 times
  • The average score is 3 of 10
Answer Stats
Cevap % Correct
Cezmi
70%
İntibah
70%
Tahribi Harabat
40%
Kara Bela
20%
Vatan yahut Silistire
20%
Zavallı Çocuk
20%
Gülnihal
10%
Lisan-ı Osmanî'nin Edebiyatı Hakkında Bazı Mülahazatı Şamildir
10%
Renan Müdafaanamesi
10%
Celaleddin Harzemşah
0%
No matching quizzes found
Score Distribution
Percent of People with Each Score
Percentile by Number Answered
Your Score History
You have not taken this quiz